Rachel Zegler Filmography - Statistics

General Stats
  • This quiz has been taken 59 times
    7 since last reset
  • The average score is 6 of 13
Answer Stats
Type Year Name % Correct
Film 2025 Snow White
100%
Film 2021 West Side Story
100%
Theater 2025 Evita
80%
Film 2023 Shazam! Fury of the Gods
60%
Film 2023 The Hunger Games: The Ballad of Songbirds and Snakes
60%
Film 2024 Y2K
60%
Theater 2024-2025 Romeo + Juliet
40%
Film 2024 Spellbound
40%
Theater 2026 The Last Five Years - 25th Anniversary Concert
20%
Documentary Series 2021 20/20
0%
TV Show 2025 CBeebies Bedtime Story
0%
TV Show 2025 Strictly Come Dancing
0%
TV Special 2021, 2023 The Annual CNN Heroes: An All-Star Tribute
0%
No matching quizzes found
Score Distribution
Percent of People with Each Score
Percentile by Number Answered
Your Score History
You have not taken this quiz since the last reset